|
|
|
|
| LEADER |
00000cam a2200000 7i4500 |
| 001 |
0000001052 |
| 005 |
20160330.0 |
| 008 |
070704 |
| 020 |
|
|
|a 9833248004
|
| 090 |
0 |
0 |
|a WSU
|b MAL
|
| 100 |
0 |
|
|a W.S Uzala
|
| 245 |
1 |
0 |
|a Sampaikah doa kita
|c W.S Uzala
|
| 260 |
|
|
|a Selangor :
|b Sama Publications & Distributors ,
|c 2005
|
| 440 |
|
|
|a Siri cerita mitos
|
| 500 |
|
|
|a Teenager ages 13-18 years old (blue)
|
| 650 |
|
0 |
|a Malay fiction
|
| 999 |
|
|
|a 0000918342
|b Book
|c Children Collection
|e Cawangan Bukit Gambir
|
| 999 |
|
|
|a 0000918344
|b Book
|c Children Collection
|e Cawangan Bukit Gambir
|
| 999 |
|
|
|a 0000927487
|b Book
|c Teenagers
|e Cawangan Tangkak
|
| 999 |
|
|
|a 0000927488
|b Book
|c Teenagers
|e Cawangan Tangkak
|
| 999 |
|
|
|a 0000942463
|b Book
|c Teenagers
|e Cawangan Taman Sri Lambak
|
| 999 |
|
|
|a 0000958502
|b Book
|c Teenagers
|e Perbadanan Perpustakaan Awam Johor
|
| 999 |
|
|
|a 0000958503
|b Book
|c Teenagers
|e Perbadanan Perpustakaan Awam Johor
|
| 999 |
|
|
|a 0000958504
|b Book
|c Teenagers
|e Perbadanan Perpustakaan Awam Johor
|
| 999 |
|
|
|a 0000958505
|b Book
|c Teenagers
|e Perbadanan Perpustakaan Awam Johor
|
| 999 |
|
|
|a 0000958506
|b Book
|c Teenagers
|e Perbadanan Perpustakaan Awam Johor
|